Loading...
| Science - Other | 0 | 3 | 0 | 1 | 30 | 64 | 87.00 | 0 | 0 | 9.08 | 12.05 |
| Fine Arts - Visual | 0 | 1 | 0 | 1 | 10 | 112 | 112.00 | 0 | 0 | 2.22 | 5.45 |
| History - American | 0 | 1 | 0 | 0 | 10 | 129 | 129.00 | 0 | 0 | 0.00 | 1.25 |
| Literature - American | 0 | 1 | 0 | 1 | 10 | 132 | 132.00 | 0 | 0 | 0.00 | 1.25 |
| Literature - British | 0 | 1 | 0 | 0 | 10 | 128 | 128.00 | 0 | 0 | 0.79 | 2.00 |
| Literature - European | 0 | 1 | 0 | 0 | 10 | 142 | 142.00 | 0 | 0 | 0.07 | 2.00 |
| Science - Physics | 0 | 1 | 0 | 0 | 10 | 65 | 65.00 | 0 | 1 | 4.88 | 6.67 |
| Fine Arts - Classical Music | 0 | 1 | 0 | 1 | 10 | 134 | 134.00 | 0 | 0 | 0.07 | 2.00 |
| Literature - World/Other | 0 | 1 | 1 | 0 | 5 | 54 | 54.00 | 0 | 1 | 6.35 | 9.00 |
| Science - Chemistry | 0 | 0 | 1 | 0 | -5 | 0.00 | 0 | 0 | 0.00 | 0.00 | |
| Science - Biology | 0 | 0 | 1 | 0 | -5 | 0.00 | 0 | 0 | 0.00 | 0.00 |